[Event "1st GM Brena Baja-La Palma 2019"]
[Site "La Palma"]
[Date "2019.03.30"]
[Round "4.5"]
[White "Juhasz, Armin"]
[Black "Munoz, Miguel"]
[Result "1/2-1/2"]
[WhiteElo "2375"]
[BlackElo "2482"]
[Annotator "TA"]
[PlyCount "65"]
[EventDate "2019.03.23"]
[EventType "tourn"]
[EventCountry "ESP"]
[SourceTitle "playchess.com"]
[Source "ChessBase"]
[SourceQuality "1"]

{[%evp 29,65,18,6,0,0,0,0,0,4,4,4,7,20,18,25,14,14,13,18,12,11,0,0,0,0,0,18,0,0,0,0,0,0,0,0,0,0,0]} 1. d4 c5 2. d5 Nf6 3. c4 g6 4. Nc3 Bg7 5. e4 d6 6. h3 O-O 7. Nf3 e6 8. Bd3 exd5 9. cxd5 b5 10. Bxb5 Nxe4 11. Nxe4 Qa5+ 12. Nfd2 Qxb5 13. Nxd6 Qa6 14. N2c4 Nd7 15. O-O Ne5 16. Nxe5 {A70: Modern Benoni: 6 e4 g6 7 Nf3} Qxd6 17. Nc6 Bb7 18. Be3 Bxc6 19. dxc6 Qxc6 20. Rc1 Bxb2 21. Rxc5 Qe6 22. Qd5 Qxd5 {The position is equal.} 23. Rxd5 a5 24. Rb1 $146 Bc3 25. Bd4 Bxd4 26. Rxd4 Rfb8 27. Rxb8+ Rxb8 $11 {[%mdl 4096] Endgame KR-KR} 28. g3 Rb2 29. Ra4 Rb5 30. Re4 Rb2 31. Ra4 Rb5 32. Re4 Rb2 33. Ra4 {Accuracy: White = 55%, Black = 94%.} 1/2-1/2

[Event "1st GM Brena Baja-La Palma 2019"]
[Site "La Palma"]
[Date "2019.03.31"]
[Round "5.1"]
[White "Munoz, Miguel"]
[Black "Gonzalez Perez, Arian"]
[Result "1/2-1/2"]
[WhiteElo "2482"]
[BlackElo "2467"]
[Annotator "TA"]
[PlyCount "62"]
[EventDate "2019.03.23"]
[EventType "tourn"]
[EventCountry "ESP"]
[SourceTitle "playchess.com"]
[Source "ChessBase"]
[SourceQuality "1"]

{[%evp 10,62,8,0,28,4,4,7,14,0,18,12,33,-7,0,0,0,-2,10,0,-1,-50,-56,-88,-87,-76,-83,-69,-8,-8,-5,-10,10,0,0,0,0,-13,-14,-12,-13,-18,0,0,0,0,0,0,0,7,2,0,0,0,0]} 1. e4 e5 2. Nf3 Nc6 3. Bb5 a6 4. Ba4 Nf6 5. Bxc6 dxc6 6. O-O Nd7 {C77: Ruy Lopez: 3...a6 4 Ba4 Nf6, unusual lines} 7. c3 Bd6 8. d4 O-O 9. Nbd2 {[%cal Bb1d2,Bd2f1,Bf1g3][%mdl 32]} Qe7 $146 ({Predecessor:} 9... exd4 10. cxd4 Nb6 11. Nb3 f5 12. Bg5 Be7 13. Bxe7 Qxe7 14. exf5 Bxf5 {0-1 (48) Reza,W (2266)-Sadzikowski,D (2551) Warsaw 2016}) 10. Re1 f6 11. Nf1 Re8 12. Ng3 g6 13. Bh6 c5 14. Qb3+ Qf7 15. Qxf7+ Kxf7 16. Be3 cxd4 17. cxd4 exd4 18. Bxd4 Ne5 (18... b6 $15) 19. Nxe5+ $11 {The position is equal.} Bxe5 20. Bxe5 Rxe5 21. Rac1 c6 22. Rcd1 Re8 23. f3 Be6 24. a3 Rad8 25. Kf2 Ke7 26. Ke3 Bb3 27. Rxd8 Rxd8 28. Rc1 Rd1 29. Rxd1 Bxd1 30. Kd4 Kd6 31. Nf1 Bb3 {Accuracy: White = 51%, Black = 55%.} 1/2-1/2

[Event "1st GM Brena Baja-La Palma 2019"]
[Site "La Palma"]
[Date "2019.03.31"]
[Round "5.2"]
[White "Herrera Reyes, Jose Antonio"]
[Black "Juhasz, Armin"]
[Result "1/2-1/2"]
[WhiteElo "2324"]
[BlackElo "2375"]
[Annotator "ChessBase"]
[PlyCount "114"]
[EventDate "2019.03.23"]
[EventType "tourn"]
[EventCountry "ESP"]
[SourceTitle "playchess.com"]
[Source "ChessBase"]
[SourceQuality "1"]
[TimeControl "5400+30"]

1. Nf3 {[%emt 0:01:46]} d5 {[%emt 0:00:00]} 2. g3 {[%emt 0:02:05]} Bg4 {[%emt 0:00:24]} 3. Bg2 {[%emt 0:00:31]} Nd7 {[%emt 0:00:23]} 4. O-O {[%emt 0:02:50]} c6 {[%emt 0:00:12]} 5. d3 {[%emt 0:00:32]} Ngf6 {[%emt 0:00:34]} 6. c4 {[%emt 0:00:37]} e6 {[%emt 0:02:03]} 7. Nbd2 {[%emt 0:02:39]} Bd6 {[%emt 0:04:18]} 8. a3 {[%emt 0:07:52]} a5 {[%emt 0:06:50]} 9. b3 {[%emt 0:01:46]} O-O {[%emt 0:03:08]} 10. Bb2 {[%emt 0:00:18]} Qe7 {[%emt 0:00:44]} 11. Qc2 {[%emt 0:00:17]} e5 {[%emt 0:06:31]} 12. e3 {[%emt 0:04:42]} Rfe8 {[%emt 0:03:57]} 13. Rfe1 {[%emt 0:05:41]} h6 {[%emt 0:01:40]} 14. Nh4 {[%emt 0:04:42]} Qe6 {[%emt 0:05:42]} 15. Rac1 {[%emt 0:10:15]} Bh3 {[%emt 0:07:03]} 16. Bh1 {[%emt 0:01:22]} Qg4 {[%emt 0:02:17]} 17. e4 {[%emt 0:06:12]} dxe4 {[%emt 0:04:06]} 18. dxe4 {[%emt 0:05:28]} Qe6 {[%emt 0:03:59]} 19. Nf1 {[%emt 0:04:35]} Bc5 {[%emt 0:06:53]} 20. Ne3 {[%emt 0:02:07]} Ng4 {[%emt 0:02:03]} 21. Nxg4 {[%emt 0:03:53]} Bxg4 {[%emt 0:00:23]} 22. Nf5 {[%emt 0:02:25]} Nf8 {[%emt 0:03:06]} 23. Ne3 {[%emt 0:03:37]} Ng6 {[%emt 0:06:01]} 24. Qc3 {[%emt 0:04:31]} Bd4 {[%emt 0:01:33]} 25. Qc2 {[%emt 0:00:22]} Bc5 {[%emt 0:05:42]} 26. Qc3 {[%emt 0:00:04]} Bd4 {[%emt 0:00:56]} 27. Qc2 {[%emt 0:00:26]} Bc5 {[%emt 0:00:11]} 28. Qc3 {[%emt 0:00:04]} Bd4 {[%emt 0:00:10]} 29. Qd2 {[%emt 0:03:20]} Red8 {[%emt 0:05:39]} 30. Bc3 {[%emt 0:00:52]} a4 {[%emt 0:00:53]} 31. Bxd4 {[%emt 0:05:27]} Rxd4 {[%emt 0:03:12]} 32. Qb4 {[%emt 0:00:07]} axb3 {[%emt 0:00:59]} 33. Qxb3 {[%emt 0:01:54]} Rd7 {[%emt 0:01:23]} 34. Nxg4 {[%emt 0:03:58]} Qxg4 {[%emt 0:00:10]} 35. Bf3 {[%emt 0:00:12]} Qe6 {[%emt 0:02:03]} 36. Rcd1 {[%emt 0:00:29]} Rad8 {[%emt 0:01:20]} 37. Rxd7 {[%emt 0:00:20]} Rxd7 {[%emt 0:00:14]} 38. Kg2 {[%emt 0:01:37]} Qe7 {[%emt 0:01:47]} 39. Bg4 {[%emt 0:01:08]} Rd2 {[%emt 0:02:30]} 40. Rb1 {[%emt 0:04:48]} Qc5 {[%emt 0:01:10]} 41. Qf3 {[%emt 0:00:04]} b6 {[%emt 0:00:46]} 42. Bh5 {[%emt 0:01:53]} Rd6 {[%emt 0:00:48]} 43. Qb3 {[%emt 0:01:29]} Rd2 {[%emt 0:01:22]} 44. Qxb6 {[%emt 0:00:02]} Qxc4 {[%emt 0:02:12]} 45. Qe3 {[%emt 0:01:52]} Rd3 {[%emt 0:01:21]} 46. Rc1 {[%emt 0:01:10]} Rxe3 {[%emt 0:01:31]} 47. Rxc4 {[%emt 0:00:01]} Rxa3 {[%emt 0:00:07]} 48. Rxc6 {[%emt 0:00:13]} Nf8 {[%emt 0:00:34]} 49. Rc7 {[%emt 0:00:38]} g6 {[%emt 0:00:25]} 50. Be2 {[%emt 0:00:13]} Ne6 {[%emt 0:00:33]} 51. Rc8+ {[%emt 0:00:31]} Kg7 {[%emt 0:00:10]} 52. Bc4 {[%emt 0:00:02]} Kf6 {[%emt 0:00:50]} 53. Bd5 {[%emt 0:00:32]} Ra6 {[%emt 0:00:31]} 54. Rc3 {[%emt 0:00:09]} Kg7 {[%emt 0:00:35]} 55. h4 {[%emt 0:00:27]} h5 {[%emt 0:00:14]} 56. Rb3 {[%emt 0:00:14]} Nc7 {[%emt 0:00:55]} 57. Bc4 {[%emt 0:01:19]} Rc6 {[%emt 0:00:13]} 1/2-1/2

[Event "1st GM Brena Baja-La Palma 2019"]
[Site "La Palma"]
[Date "2019.03.31"]
[Round "5.3"]
[White "Lemos, Damian"]
[Black "Alvarado Diaz, Alejandro"]
[Result "1/2-1/2"]
[WhiteElo "2482"]
[BlackElo "2399"]
[Annotator "TA"]
[PlyCount "47"]
[EventDate "2019.03.23"]
[EventType "tourn"]
[EventCountry "ESP"]
[SourceTitle "playchess.com"]
[Source "ChessBase"]
[SourceQuality "1"]

{[%evp 14,47,30,18,23,20,43,40,33,20,29,0,29,26,26,21,20,22,12,16,19,17,28,26,26,25,14,12,20,15,49,0,0,0,39,0]} 1. d4 f5 2. Nf3 Nf6 3. g3 g6 4. Bg2 Bg7 5. O-O O-O 6. b3 b6 {A81: Dutch Defence: 2 g3} 7. c4 Bb7 8. Nc3 {LiveBook: 5 Games} Na6 {The position is equal.} 9. Ba3 $146 ({Predecessor:} 9. Bb2 e6 10. e3 Qe7 11. Qe2 c5 12. Rfd1 Nc7 13. Rd2 Rad8 14. Rad1 d6 15. Ne1 Bxg2 16. Nxg2 {½-½ (48) Cifuentes Parada,R (2540)-Bauer,C (2622) Bilbao 2004}) 9... Ne4 10. Nxe4 Bxe4 11. Rc1 c5 12. e3 e6 13. Qe2 Qe7 14. Rfd1 {[%cal Bf1d1,Bd1d2,Bd2d5][%mdl 32]} d6 15. Ne1 Bxg2 16. Nxg2 Rad8 17. Rd2 e5 {[%cal Re5d4]} 18. dxe5 dxe5 19. Rcd1 Nc7 20. Bb2 Ne6 21. Rd5 Nc7 22. R5d2 Ne6 23. Rd5 Nc7 24. R5d2 {Precision: White = 66%, Black = 81%.} 1/2-1/2

[Event "1st GM Brena Baja-La Palma 2019"]
[Site "La Palma"]
[Date "2019.03.31"]
[Round "5.4"]
[White "De Verdier, Michael"]
[Black "Napoli, Nicolo"]
[Result "1/2-1/2"]
[WhiteElo "2306"]
[BlackElo "2321"]
[Annotator "NA"]
[PlyCount "92"]
[EventDate "2019.03.23"]
[EventType "tourn"]
[EventCountry "ESP"]
[SourceTitle "playchess.com"]
[Source "ChessBase"]
[SourceQuality "1"]
[TimeControl "5400+30"]

1. e4 {[%emt 0:02:00]} c6 {[%emt 0:00:00]} 2. Nf3 {[%emt 0:00:24]} g6 {[%emt 0:00:59]} 3. d4 {[%emt 0:02:39]} Bg7 {[%emt 0:00:14]} 4. c3 {[%emt 0:00:52]} d5 {[%emt 0:00:55]} 5. exd5 {[%emt 0:02:03]} cxd5 {[%emt 0:00:06]} 6. Bd3 {[%emt 0:00:41] LiveBook: 26 Games} Nc6 {[%emt 0:02:04]} 7. O-O {[%emt 0:03:44]} Qc7 {[%emt 0:03:20] B13: Caro-Kann: Exchange Variation and Panov-Botvinnik Attack} 8. Re1 {[%emt 0:03:26]} Nf6 {[%emt 0:04:42]} 9. Nbd2 {[%emt 0:07:03]} O-O {[%emt 0:00:08]} 10. Nf1 {[%emt 0:01:58]} a6 {[%emt 0:10:18]} (10... Bg4 11. h3 Bxf3 12. Qxf3 e5 13. dxe5 Nxe5 14. Qd1 Nxd3 15. Qxd3 Qc6 16. Be3 Ne4 17. Bd4 {½-½ (45) Karjakin,S (2773)-Vachier Lagrave,M (2779) Saint Louis 2018}) 11. a4 {[%emt 0:09:23]} Rb8 $146 {[%emt 0:00:17]} ({Predecessor:} 11... Bg4 12. Be2 e6 13. Ng3 Nh5 14. Nxh5 Bxh5 15. g3 Na5 16. Bf4 Qb6 17. Ne5 Bxe2 18. Rxe2 {½-½ (30) Tong,K (2049)-Lodes,H (2169) Fuerth 2016}) 12. g3 {[%emt 0:00:37]} Nh5 {[%emt 0:04:32]} 13. Be2 {[%emt 0:09:04]} Bf6 {[%emt 0:13:14]} 14. Ne5 {[%emt 0:12:37]} Ng7 {[%emt 0:09:04]} 15. Ne3 {[%emt 0:09:49]} Qd8 {[%emt 0:04:52]} 16. Bf3 {[%emt 0:08:45]} Bxe5 {[%emt 0:05:02]} 17. dxe5 {[%emt 0:00:19]} d4 {[%emt 0:00:09]} 18. Nd5 {[%emt 0:02:04]} dxc3 {[%emt 0:01:54]} 19. bxc3 {[%emt 0:01:02]} Be6 {[%emt 0:01:58]} 20. Bg5 {[%emt 0:02:01]} Bxd5 {[%emt 0:02:54]} 21. Bxd5 {[%emt 0:01:21]} Na5 {[%emt 0:09:39]} 22. e6 {[%emt 0:05:33]} f6 {[%emt 0:00:04]} 23. Bf4 {[%emt 0:00:58]} Rc8 {[%emt 0:00:05]} 24. Qd3 {[%emt 0:00:51]} Nb3 {[%emt 0:01:19]} 25. Rad1 {[%emt 0:00:48]} Nc5 {[%emt 0:00:05]} 26. Qf3 {[%emt 0:00:51]} Qb6 {[%emt 0:04:20]} 27. Be3 {[%emt 0:03:16]} Nf5 {[%emt 0:01:07]} 28. Bxc5 {[%emt 0:00:43]} Rxc5 {[%emt 0:00:05]} 29. Rb1 {[%emt 0:00:49]} Qa5 {[%emt 0:00:33]} 30. c4 {[%emt 0:02:00]} Nd6 {[%emt 0:00:34]} 31. Qb3 {[%emt 0:00:52]} Rfc8 {[%emt 0:05:26]} 32. Qb6 {[%emt 0:00:30]} Kg7 {[%emt 0:02:05]} 33. Bxb7 {[%emt 0:03:32]} Qxb6 {[%emt 0:02:35]} 34. Rxb6 {[%emt 0:00:02]} Rb8 {[%emt 0:00:01]} 35. Reb1 {[%emt 0:00:48]} Rxc4 {[%emt 0:02:41]} 36. Bc6 {[%emt 0:01:54]} Rc1+ {[%emt 0:02:02]} 37. Rxc1 {[%emt 0:00:00]} Rxb6 {[%emt 0:00:03]} 38. Bd7 {[%emt 0:00:02]} a5 {[%emt 0:01:02]} 39. Rc5 {[%emt 0:01:20]} Ra6 {[%emt 0:00:05]} 40. Rc7 {[%emt 0:00:06]} f5 {[%emt 0:01:15]} 41. Bb5 {[%emt 0:00:57]} Nxb5 {[%emt 0:01:05]} 42. Rxe7+ {[%emt 0:00:55]} Kf6 {[%emt 0:00:04]} 43. axb5 {[%emt 0:00:02]} Rb6 $11 {[%emt 0:00:32]} 44. Rxh7 {[%emt 0:00:12]} Kxe6 {[%emt 0:03:22]} 45. Ra7 {[%emt 0:00:46]} Rxb5 {[%emt 0:00:04]} 46. Ra6+ {[%emt 0:00:09]} Kf7 {[%emt 0:01:25]} 1/2-1/2

[Event "1st GM Brena Baja-La Palma 2019"]
[Site "La Palma"]
[Date "2019.03.31"]
[Round "5.5"]
[White "Ladron De Guevara Pinto, Paolo"]
[Black "Hernandez Leon, Alberto"]
[Result "1-0"]
[WhiteElo "2429"]
[BlackElo "2280"]
[Annotator "TA"]
[PlyCount "73"]
[EventDate "2019.03.23"]
[EventType "tourn"]
[EventCountry "ESP"]
[SourceTitle "playchess.com"]
[Source "ChessBase"]
[SourceQuality "1"]

{[%evp 24,73,18,14,20,24,25,0,0,0,10,3,29,16,14,0,-16,-40,-54,-93,0,0,0,0,333,0,0,0,0,0,0,0,0,0,119,125,111,93,160,62,77,80,158,143,585,585,581,578,29958,29959,6187,6080]} 1. e4 c5 2. Nf3 d6 3. d4 cxd4 4. Nxd4 Nf6 5. Nc3 a6 6. Bc4 e6 7. O-O b5 8. Bb3 Be7 9. Qf3 Qb6 10. Be3 Qb7 11. Qg3 O-O 12. Bh6 Ne8 13. Rad1 Kh8 {B87: Sicilian Scheveningen/Najdorf: 6 Bc4, with early ...b5} (13... Bd7 14. Rfe1 Bf6 15. Bg5 Bxg5 16. Qxg5 Nc6 17. a3 h6 18. Qe3 Rc8 19. f4 Nxd4 20. Rxd4 Bc6 21. h3 {1-0 (55) Vachier Lagrave,M (2758)-Wojtaszek,R (2744) Beijing 2014}) 14. Bg5 Nf6 15. f3 b4 $146 {The position is equal.} ({Predecessor:} 15... Bd7 16. Be3 Nc6 17. Nxc6 Bxc6 18. Ne2 d5 19. e5 Nd7 20. Nd4 Nc5 21. c3 Nxb3 22. axb3 {0-1 (33) Jardin Rentero,F-Gonzalez Alcon,E (2284) ICCF email 2012}) 16. Na4 Nbd7 17. c3 a5 18. c4 Ne5 19. Qe1 (19. Rfe1 {is more complex.} Bd7 20. c5 Bxa4 21. Bxa4 dxc5 22. Qxe5 cxd4 23. Qxd4 Rfd8 24. Qe3) 19... Bd7 20. f4 Nxc4 {Threatens to win with ...Bxa4.} 21. e5 dxe5 (21... Bxa4 $1 $17 22. Bxa4 Nxb2) 22. fxe5 $11 Bxa4 $1 23. Bxa4 Nxb2 $2 {[%mdl 8192]} (23... Ng8 $11 {and Black is okay.} 24. Bc6 {[%mdl 64] Skewer} Qb6 25. Bxe7 Nxe7 26. Bxa8 Nxb2) 24. Bc6 $2 (24. exf6 $18 gxf6 25. Qf2 $1 {[%mdl 512]} (25. Bxf6+ Bxf6 26. Qf2 {[%mdl 64] Double Attack} Be5 $18) (25. Bc6 Qb6 $11) 25... fxg5 26. Qxb2) 24... Qb6 25. exf6 gxf6 26. Qf2 $1 ({Avoid the trap} 26. Bxf6+ $2 Bxf6 27. Rxf6 Nxd1 $19) 26... fxg5 27. Qxb2 Rad8 $1 28. Kh1 $1 Kg8 (28... e5 $1 $11 {remains equal.} 29. Nf5 Rxd1 30. Rxd1 Qxc6 31. Nxe7 Qe6) 29. Ba4 $16 {Black must now prevent Nc6.} Rd6 30. Ne2 Rfd8 (30... Rxd1 $142 31. Bxd1 (31. Rxd1 Qf2 $14) 31... Qe3) 31. Ng3 $40 {[%mdl 128] White is up to no good.} (31. Rxd6 $16 Qxd6 32. Ng3) 31... Rxd1 $14 32. Bxd1 Qd4 {[#]} ({Better is} 32... Qe3) 33. Qe2 $1 $16 Qh4 $2 {[%mdl 8192] [#]} (33... Bd6 $16) 34. Nf5 $1 $18 {[%cal Rf5h4][%mdl 512]} exf5 35. Qxe7 Rd2 36. Bb3 Qh5 {[#]} 37. Bxf7+ $1 {[%mdl 512] Accuracy: White = 45%, Black = 40%.} 1-0

[Event "1st GM Brena Baja-La Palma 2019"]
[Site "La Palma"]
[Date "2019.03.31"]
[Round "6.1"]
[White "Gonzalez Perez, Arian"]
[Black "Hernandez Leon, Alberto"]
[Result "1-0"]
[WhiteElo "2467"]
[BlackElo "2280"]
[Annotator "TA"]
[PlyCount "95"]
[EventDate "2019.03.23"]
[EventType "tourn"]
[EventCountry "ESP"]
[SourceTitle "playchess.com"]
[Source "ChessBase"]
[SourceQuality "1"]

{[%evp 19,95,-29,-17,-50,-10,-14,-5,-31,-23,-27,-31,-21,-18,-22,0,0,58,56,57,42,45,53,52,46,56,50,54,49,76,72,114,114,109,85,90,95,89,85,87,87,101,91,80,99,95,95,97,94,92,91,86,90,321,312,283,205,205,187,243,237,273,252,260,266,240,207,419,452,448,416,1170,1156,1507,1358,29984,29979,29989,256]} 1. e4 c5 2. Nf3 d6 3. d4 cxd4 4. Nxd4 Nf6 5. Nc3 a6 6. Bc4 e6 7. O-O b5 8. Bb3 Be7 9. Be3 O-O 10. f4 Qc7 11. f5 {[%cal Rf5e6] B87: Sicilian Scheveningen/Najdorf: 6 Bc4, with early ...b5} (11. Qf3 Nbd7 12. g4 b4 13. Na4 Bb7 14. g5 Nxe4 15. Qh3 Ndc5 16. Nxc5 Nxc5 17. f5 Nxb3 18. g6 h6 19. cxb3 {0-1 (39) Mousavi,S (2480)-Sedaghati,M (2215) Ahvaz 2018}) 11... e5 12. Nde2 Bb7 13. Nd5 {The position is equal.} (13. a3 {is interesting.} Ng4 14. Qd2 Nd7 15. Kh1 Nc5 16. Ng3) 13... Bxd5 14. Bxd5 Nxd5 15. Qxd5 Nd7 16. Qd3 $146 ({Predecessor:} 16. Rac1 Nf6 17. Qd3 Rac8 18. Bg5 Qc5+ {½-½ (51) Hoerr,M (2098)-Franke,M (1935) Erlangen 2002}) 16... Nc5 17. Bxc5 dxc5 (17... Qxc5+ $11 18. Kh1 b4) 18. Nc3 $36 {[%mdl 2048] White is pushing.} c4 19. Qg3 Bc5+ 20. Kh1 f6 21. Nd5 Qf7 22. Rad1 Rad8 23. Qf3 Rd6 24. g4 Bb6 25. Qa3 Bc7 26. Rg1 h6 27. h4 Rfd8 28. Qf3 R8d7 29. g5 fxg5 30. hxg5 hxg5 31. Rxg5 {aiming for Rh5.} Rh6+ 32. Kg2 Bd8 33. Rg3 Rdd6 34. Ne3 Rxd1 35. Qxd1 Qe7 $2 {[#]} (35... Bh4 $16 36. Rh3 Qf6) 36. f6 $1 $18 {[%mdl 512]} Rxf6 (36... Qxf6 37. Ng4) 37. Nf5 Rxf5 38. exf5 {[%mdl 4096] Endgame And now Qd5+ would win. KQR-KQB} Qb7+ (38... Kf8 $142 39. Qd5 Qf6) 39. Qf3 e4 40. Qh5 {Threatening mate with Qe8+.} e3+ {[#]} 41. Qf3 $1 {[%cal Rf3b7]} Qd7 42. Qxe3 Qxf5 $2 (42... Qd5+ {was worth a try.} 43. Rf3 Kf8 44. Qa3+ Kg8 45. Qxa6 Qd2+ 46. Kh3 Qd1 47. Qe6+ Kf8) 43. Qe8+ {[%mdl 64] Double Attack} Qf8 44. Re3 Bf6 (44... Bg5 $142 45. Qxf8+ Kxf8) 45. Qe6+ Qf7 46. Qc8+ Kh7 47. Rh3+ Kg6 48. Qg4+ {Accuracy: White = 89%, Black = 41%.} 1-0

[Event "1st GM Brena Baja-La Palma 2019"]
[Site "La Palma"]
[Date "2019.03.31"]
[Round "6.2"]
[White "Napoli, Nicolo"]
[Black "Ladron De Guevara Pinto, Paolo"]
[Result "0-1"]
[WhiteElo "2321"]
[BlackElo "2429"]
[Annotator "TA"]
[PlyCount "54"]
[EventDate "2019.03.23"]
[EventType "tourn"]
[EventCountry "ESP"]
[SourceTitle "playchess.com"]
[Source "ChessBase"]
[SourceQuality "1"]

{[%evp 17,54,17,29,-19,-20,-14,0,-21,-47,-158,-162,-190,-175,-220,-188,-214,-133,-226,-206,-216,-195,-317,-225,-231,-246,-329,-321,-312,-235,-431,-428,-435,-433,-668,-659,-795,-716,-718,-637]} 1. d4 Nf6 2. c4 g6 3. Nf3 Bg7 4. g3 O-O 5. Bg2 d5 6. O-O dxc4 7. Na3 c3 8. bxc3 c5 9. Nc4 Nc6 10. Qb3 {D77: Fianchetto Grünfeld: 6 0-0: Replies other than 6...c6} (10. Nfe5 Be6 11. Bb2 Nxe5 12. Nxe5 Bd5 13. Bxd5 Qxd5 14. Qb3 Qe4 15. e3 Rac8 16. c4 Ng4 17. Nxg4 Qxg4 18. d5 Bxb2 19. Qxb2 Qxc4 20. Qxb7 {½-½ (59) Jumabayev,R (2562)-Efimenko,Z (2661) Baku 2013}) 10... Be6 $146 {And now ...Na5 would win.} ({Predecessor:} 10... cxd4 11. Rd1 Be6 12. Nxd4 Na5 13. Nxe6 Nxb3 14. Nxd8 Nxa1 15. Nxb7 Nc2 16. Rd2 Rac8 17. Nba5 {0-1 (53) Favrel,N (1786)-Goettelmann,G (2119) Avoine 2014}) 11. Qxb7 cxd4 12. Qxc6 {The position is equal.} Rc8 13. Qa4 (13. Qb7 $15 Rc7 14. Qb1 Bxc4 15. cxd4) 13... Rxc4 $17 {[%mdl 64] Double Attack} 14. Qxa7 {[%cal Rc3d4]} dxc3 15. a4 Rc7 16. Qa5 Qc8 17. Nd4 {[#]} (17. Be3 $17 {keeps fighting.}) 17... Rc5 $1 $19 {[%cal Rc5a5]} 18. Qa7 {[#]} Bd5 $1 19. Nf3 (19. Bxd5 $142 Rxd5 20. Nc2) 19... Rd8 20. Be3 Rc6 21. Qa5 c2 22. Rac1 {Now Bh3! and White clings on.} Be4 23. Qb4 $2 (23. Qb5 {was worth a try.}) 23... Rc4 {Black is clearly winning.} 24. Qb3 {intending Ne5.} Nd5 25. Bh3 (25. Bd2 $142 Nc3 26. Bxc3 Rxc3 27. Qb6) 25... e6 (25... Qxh3 26. Qxc4 Nc3 27. Rfe1 $19) 26. Bg5 Rd7 27. Nd2 Rb4 {Accuracy: White = 27%, Black = 67%.} 0-1

[Event "1st GM Brena Baja-La Palma 2019"]
[Site "La Palma"]
[Date "2019.03.31"]
[Round "6.3"]
[White "Alvarado Diaz, Alejandro"]
[Black "De Verdier, Michael"]
[Result "1/2-1/2"]
[WhiteElo "2399"]
[BlackElo "2306"]
[Annotator "TA"]
[PlyCount "63"]
[EventDate "2019.03.23"]
[EventType "tourn"]
[EventCountry "ESP"]
[SourceTitle "playchess.com"]
[Source "ChessBase"]
[SourceQuality "1"]

{[%evp 12,63,-5,-5,2,-8,12,12,12,7,2,-17,5,-22,-22,-22,-27,-25,-17,-32,-18,-15,-5,-18,-8,-24,-20,-42,-41,-44,-18,-17,-15,-36,-26,-38,-40,-44,-18,-36,-9,-11,-16,-12,-3,-79,-82,-78,-77,-77,-71,-83,-70,-85]} 1. d4 e6 2. Nf3 Nf6 3. Bf4 d5 4. e3 Bd6 5. Bg3 O-O 6. Nbd2 b6 7. Bd3 c5 {D02: 1 d4 d5 2 Nf3 sidelines, including 2...Nf6 3 g3 and 2...Nf6 3 Bf4} 8. c3 Ba6 9. Bxa6 Nxa6 {The position is equal.} 10. Qe2 (10. O-O Bxg3 11. hxg3 Qc7 12. Qe2 Nb8 13. e4 dxe4 14. Nxe4 Nbd7 {1-0 (55) Duda,J (2738)-Giri,A (2783) St Petersburg 2018}) 10... Nb8 11. O-O Nc6 12. dxc5 $146 ({Predecessor:} 12. Rad1 Rc8 13. Rfe1 cxd4 14. exd4 {0-1 (30) Baron,T (2474)-Cheng,B (2485) Amsterdam 2017}) 12... Bxg3 13. hxg3 bxc5 14. e4 Qb6 15. Rab1 a5 16. Rfe1 Rfd8 17. exd5 exd5 18. Qd3 a4 19. Ne5 Nxe5 20. Rxe5 Re8 21. Rxe8+ Rxe8 22. Nf3 g6 23. Qc2 Qa6 24. Re1 $1 Rxe1+ 25. Nxe1 Qc4 26. b3 axb3 27. axb3 Qe4 28. Qd1 {[#]} (28. Kf1 $11) 28... Qe5 $1 $36 {[%mdl 2048] Black is really pushing.} 29. c4 dxc4 30. bxc4 Qe4 31. Qc1 Qe2 {...Ng4 is the strong threat.} 32. Nf3 {Accuracy: White = 35%, Black = 33%.} 1/2-1/2

[Event "1st GM Brena Baja-La Palma 2019"]
[Site "La Palma"]
[Date "2019.03.31"]
[Round "6.5"]
[White "Munoz, Miguel"]
[Black "Herrera Reyes, Jose Antonio"]
[Result "1-0"]
[WhiteElo "2482"]
[BlackElo "2324"]
[Annotator "TA"]
[PlyCount "63"]
[EventDate "2019.03.23"]
[EventType "tourn"]
[EventCountry "ESP"]
[SourceTitle "playchess.com"]
[Source "ChessBase"]
[SourceQuality "1"]

{[%evp 9,63,-3,47,50,70,26,70,72,85,86,106,47,44,29,78,43,35,42,26,28,16,16,231,230,227,204,226,229,348,343,515,491,499,506,697,697,960,937,954,954,1438,1416,1426,1410,1420,1356,6032,1281,1192,1095,1061,1025,1429,1426,1468,1321]} 1. e4 c5 2. Nf3 e6 3. g3 b6 4. Bg2 Bb7 5. Qe2 d6 6. d4 {B40: Sicilian: 2...e6, Unusual lines} Nf6 7. e5 dxe5 8. dxe5 {White is slightly better.} Nd5 9. O-O Nc6 10. c4 $146 (10. Rd1 $16 Qc7 11. Nbd2) ({Predecessor:} 10. Rd1 Qc7 11. c4 {1-0 (26) Turov,M (2609)-Perekhodkin,V (2227) Dagomys 2010}) 10... Nde7 $1 $14 11. Rd1 Qb8 (11... Nd4 $2 12. Nxd4 Qc8 13. Bxb7 $18) 12. Nc3 {[%cal Bb1c3,Bc3b5,Bb5d4][%mdl 32]} Nf5 13. Nb5 a6 14. g4 Nh4 $1 {[%cal Rh4g2]} 15. Qd3 $1 {[%csl Gd1][%cal Rd3d7] [#]} Nd4 $2 (15... Nxf3+ $11 {and Black is okay.} 16. Qxf3 Be7 17. Nd6+ Bxd6 18. Rxd6 (18. exd6 O-O $14) 18... Na5) 16. Nbxd4 $40 {[%mdl 128] White wants a kill.} ({Not} 16. Nxh4 axb5 17. Be3 Bxg2 $17) 16... Nxg2 17. Ne2 {[%csl Gd1][%cal Rd3d7]} ({Stronger than} 17. Kxg2 cxd4 18. Qxd4 Qc7 $15) 17... Bc6 18. Kxg2 Qb7 (18... Be7 {was called for.} 19. Bf4 g5) 19. Bg5 {[#] White wants to mate with Qd8+!} f6 (19... Qc7 $142 20. Qe3 h6) 20. exf6 {White is clearly winning.} gxf6 21. Bxf6 Rg8 22. Kg3 {Ne5 is the strong threat.} Be4 23. Qe3 Rg6 24. Ng5 Bf5 25. gxf5 Rxf6 26. Nxe6 {Threatening mate with Nc7+.} Kf7 27. N2f4 Bd6 28. Ng5+ Kg8 29. Ne4 Bxf4+ 30. Qxf4 Rf7 31. f6 Kh8 32. f3 {Accuracy: White = 63%, Black = 50%.} 1-0